Social first brands (Record no. 5018)

MARC details
000 -CABECERA
campo de control de longitud fija 01669nam a22002177a 4500
008 - DATOS DE LONGITUD FIJA--INFORMACIÓN GENERAL
campo de control de longitud fija 251008b |||||||| |||| 00| 0 eng d
020 ## - NÚMERO INTERNACIONAL ESTÁNDAR DEL LIBRO
Número Internacional Estándar del Libro 9781398621688
040 ## - FUENTE DE LA CATALOGACIÓN
Centro/agencia transcriptor tbs
041 ## - CÓDIGO DE LENGUA
Código de lengua del texto/banda sonora o título independiente eng
050 ## - SIGNATURA TOPOGRÁFICA DE LA BIBLIOTECA DEL CONGRESO
Número de clasificación HF5415.1265
Número de documento/Ítem .M56 2025
100 ## - ENTRADA PRINCIPAL--NOMBRE DE PERSONA
Nombre de persona Miner, Tom
9 (RLIN) 26055
Término indicativo de función/relación author
245 ## - MENCIÓN DE TÍTULO
Título Social first brands
Resto del título : how modern brands create community, loyalty, and growth
Mención de responsabilidad, etc. / Tom Miner.
260 ## - PUBLICACIÓN, DISTRIBUCIÓN, ETC.
Lugar de publicación, distribución, etc. London ; New York, NY :
Nombre del editor, distribuidor, etc. KoganPage,
Fecha de publicación, distribución, etc. 2025.
300 ## - DESCRIPCIÓN FÍSICA
Extensión viii, 258 pages :
Otras características físicas illustrations ;
Dimensiones 24 cm.
520 ## - SUMARIO, ETC.
Sumario, etc. About the book<br/>Table of contents<br/>Reviews<br/>About the book<br/>How can you build a social media strategy that outlasts trends and delivers real impact?<br/><br/>Social First Brands is a practical guide for mid-career marketing professionals who want to develop strategies that create authentic connections, strengthen brand credibility and drive measurable results. Written by social media expert Tom Miner, it shares proven frameworks, examples and actionable tools from brands like Crocs, Stanley, Funko, and Ryanair.<br/><br/>By showing how leading companies put social media at the heart of their marketing, this book equips you to move beyond quick wins and hacks to build strategies grounded in human behavior and long-term value.<br/><br/>With detailed chapters, real-world examples and clear implementation steps, Social First Brands helps you apply proven principles to elevate your brand presence, strengthen customer relationships and advance your career impact.
650 #0 - PUNTO DE ACCESO ADICIONAL DE MATERIA--TÉRMINO DE MATERIA
Término de materia o nombre geográfico como elemento de entrada Internet marketing
Subdivisión general Social aspects
9 (RLIN) 26056
650 #0 - PUNTO DE ACCESO ADICIONAL DE MATERIA--TÉRMINO DE MATERIA
Término de materia o nombre geográfico como elemento de entrada Internet marketing
9 (RLIN) 1133
650 #0 - PUNTO DE ACCESO ADICIONAL DE MATERIA--TÉRMINO DE MATERIA
Término de materia o nombre geográfico como elemento de entrada Social media
Subdivisión general Economic aspects
9 (RLIN) 5351
650 #0 - PUNTO DE ACCESO ADICIONAL DE MATERIA--TÉRMINO DE MATERIA
Término de materia o nombre geográfico como elemento de entrada Strategic planning
9 (RLIN) 3573
942 ## - ELEMENTOS DE ENTRADA AGREGADA (KOHA)
Fuente del sistema de clasificación o colocación Clasificación de Library of Congress
Holdings
Estado de retiro Estado de pérdida Fuente del sistema de clasificación o colocación Estado dañado No para préstamo Biblioteca de origen Biblioteca actual Fecha de adquisición Total de préstamos Signatura topográfica completa Código de barras Fecha de vencimiento Fecha visto por última vez Fecha del último préstamo Número de copia Precio válido a partir de Tipo de ítem Koha
    Clasificación de Library of Congress     TBS Barcelona TBS Barcelona 08/10/2025 1 HF5415.1265 MIN B07600 31/01/2026 17/12/2025 17/12/2025 1 08/10/2025 Book

Powered by Koha